LIBRARY & INFORMATION CENTRE, KCAET, TAVANUR

ONLINE PUBLIC ACCESS CATALOGUE (OPAC)

Code of practice for in SITU determination of rock properties by flat jack 7292-1974 / (Record no. 11010)

MARC details
000 -LEADER
fixed length control field 00979cam a2200157ua 4500
041 ## - LANGUAGE CODE
Language code of text/sound track or separate title eng
082 ## - DEWEY DECIMAL CLASSIFICATION NUMBER
Classification number 624.121
Item number IND/CO
245 ## - TITLE STATEMENT
Title Code of practice for in SITU determination of rock properties by flat jack 7292-1974 /
250 ## - EDITION STATEMENT
Edition statement 1 /
260 ## - PUBLICATION, DISTRIBUTION, ETC. (IMPRINT)
Place of publication New Delhi :
Name of publisher Indian standards institution ,
Year of publication 1983.
300 ## - PHYSICAL DESCRIPTION
Number of Pages 15 ; .
942 ## - ADDED ENTRY ELEMENTS (KOHA)
Koha item type Books
Holdings
Withdrawn status Lost status Damaged status Home library Current library Date acquired Full call number Accession Number Koha item type
      KAUAET KAUAET 07/04/2012 624.121 17262 Standards
free website counter